El Catastro en Europa / Jorge Castanyer, Inmaculada Canet
Publicado:
Madrid :
Ministerio de Economía y Hacienda, Centro de Gestión Catastral y Cooperación Tributaria ,
1990
Descripción Física:
285 p. : il. ; 21 cm
Otros Autores:
Canet, Inmaculada
Materias:
Cadastres de finques -- Europa
MARC
| LEADER | 00000nam a2200000Ia 4500 | ||
|---|---|---|---|
| 001 | 9868 | ||
| 008 | 160829s1990 xx 000 0 cat d | ||
| 080 | |a M-3-149 | ||
| 100 | |a Castanyer, Jorge |9 24315 | ||
| 245 | |a El Catastro en Europa / Jorge Castanyer, Inmaculada Canet | ||
| 260 | |a Madrid : |b Ministerio de Economía y Hacienda, Centro de Gestión Catastral y Cooperación Tributaria, |c 1990 | ||
| 300 | |a 285 p. : |b il. ; |c 21 cm | ||
| 650 | |a Cadastres de finques |x Europa |9 24316 | ||
| 700 | |a Canet, Inmaculada |9 24317 | ||
| 901 | |a Arxiu | ||
| 942 | |n 1 | ||
| 952 | |0 0 |1 0 |4 0 |6 M3149 |7 1 |9 43080 |a Arxiu |b Arxiu |d 2016-12-01 |l 0 |o M-3-149 |p 9868 |r 2016-12-01 00:00:00 |w 2016-12-01 |y ARXIU | ||
| 999 | |c 45624 |d 45624 | ||